00493nam a2200145Ia 4500008004100000041000800041082001400049100002000063245004400083260004200127300003100169365000900200999001500209952012300224240624s9999 xx 000 0 und d aeng a332.6 RUB aRUBINSTEIN MARK aHISTORY OF THE THEORY OF INVESTMENTS MY c2006aNew JerseybJohn Wiley and Sons axiv, : 370 : p. : cm. ; 24 cb28 c7375d7375 00104070aIMTNbIMTNcRack 10-Ad2007-11-20eBWEg99.95o332.6 RUBp7375r2024-06-24 00:00:00t39.08w2024-06-24yBK